00846nam a22001695i 4500001000700000003000900007005001700016008004100033040002000074245013000094260007200224300002100296700003300317852018300350999001900533952012400552162917ES-MaACL20230906212629.0000203s1839 sp |||| | spa d aCAM bspa cCAM03aUn ramillete, una carta, y varias equivocaciones b: comedia en dos actos / ctraducida del francés por Nicolás Lombía. aMadrid : b[s.n.], c1839 (fImprenta de José María Repullés) a48 p. ; c17 cm.1 aLombía, Nicolás.9129045 aES-MaACLjF-8624(13) z-- Enc. pasta española q-- Falto de la cub. originalz-- Enc. en un vol. facticio formando parte de la col. facticia "Teatro español moderno", vol. 79 c162917d162917 001040708LIBXIXaATENEOMbATENEOMcSPP2d2008-01-17l0oF-8624(13)p1170697r2023-02-23 00:00:00w2023-02-23yMONANT